000 00432nam a2200157Ia 4500
008 210210b1992 xxu||||| |||| 00| 0 eng d
020 _a81 7238 004 6
082 _a363.73 MISE
100 _aMISRA (S G), Ed.
245 _aEnvironmental pollution: water.
260 _aND
_bVenus Publishing House
_c1992
300 _axvi,359
650 _aEnvironment pollution Waste pollution
690 _aSocial Problems
906 _a051562
999 _c100153
_d100153